Cẩm nang về minh bạch tài khóa

Cẩm nang là nguồn tham khảo chủ yếu về các cách tiếp cận nhằm tăng cường tính minh bạch tài khóa.

Đã lưu trong:
Bibliografiske detaljer
Format: Bog
Sprog:Undetermined
Udgivet: [Hà Nội] Quỹ tiền tệ Quốc tế 2011
Fag:
Tags: Tilføj Tag
Ingen Tags, Vær først til at tagge denne postø!
Thư viện lưu trữ: Trung tâm Học liệu Trường Đại học Cần Thơ
LEADER 00886nam a2200205Ia 4500
001 CTU_178622
008 210402s9999 xx 000 0 und d
082 |a 352.439 
082 |b C120 
245 0 |a Cẩm nang về minh bạch tài khóa 
245 0 |c Phòng Công tác Tài khóa 
260 |a [Hà Nội] 
260 |b Quỹ tiền tệ Quốc tế 
260 |c 2011 
520 |a Cẩm nang là nguồn tham khảo chủ yếu về các cách tiếp cận nhằm tăng cường tính minh bạch tài khóa. 
650 |a Government spending policy,Budget,Chính sách chi tiêu chính phủ,Ngân sách,Finance, Public,Tài chính công 
650 |x Managment,Quản lý 
650 |z Vietnam,Vietnam,Việt Nam,Việt Nam 
904 |i Trọng Hiếu 
980 |a Trung tâm Học liệu Trường Đại học Cần Thơ